<?xml version="1.0" encoding="UTF-8"?>
<marc:record xmlns:marc="http://www.loc.gov/MARC21/slim">
   <marc:leader>00000nam a2200000 a 4500</marc:leader>
   <marc:datafield ind1="1" ind2=" " tag="100">
      <marc:subfield code="a">Kühn, Lotte</marc:subfield>
      <marc:subfield code="4">aut</marc:subfield>
      <marc:subfield code="e">Verfasser/-in</marc:subfield>
   </marc:datafield>
   <marc:datafield ind1="0" ind2="0" tag="245">
      <marc:subfield code="a">Mutti allein zuhaus</marc:subfield>
   </marc:datafield>
   <marc:datafield ind1="0" ind2="0" tag="245">
      <marc:subfield code="b">vom Leben mit nestflüchtigen Kindern</marc:subfield>
   </marc:datafield>
   <marc:datafield ind1="0" ind2="0" tag="245">
      <marc:subfield code="c">Lotte Kühn</marc:subfield>
   </marc:datafield>
   <marc:datafield ind1=" " ind2="1" tag="264">
      <marc:subfield code="a">Köln</marc:subfield>
      <marc:subfield code="b">Bastei Lübbe Taschenbuch</marc:subfield>
      <marc:subfield code="c">2014</marc:subfield>
   </marc:datafield>
   <marc:datafield ind1="1" ind2=" " tag="520">
      <marc:subfield code="a">Angaben aus der Verlagsmeldung

Mutti allein zuhaus : Vom Leben mit nestflüchtigen Kindern / von Lotte Kühn

Jede Mutter weiß das: Kinder kriegt man nicht, um sie zu behalten, sondern um sie eines Tages am Flughafen, an Bahnsteigen oder in klapprigen Autos in ihr eigenes Leben zu entlassen. Und zwar zuversichtlich und mit einem Lächeln! Doch das
ist leichter gesagt als getan. Intelligent und witzig, voller Selbstironie und Situationskomik erzählt Lotte Kühn davon wie es ist, wenn Mütter sich durch jahrelangen Einsatz selbst überflüssig gemacht haben und ein neues, ungewohntes Leben
beginnt.
</marc:subfield>
   </marc:datafield>
   <marc:datafield ind1=" " ind2=" " tag="020">
      <marc:subfield code="a">9783404607693</marc:subfield>
      <marc:subfield code="9">9783404607693</marc:subfield>
   </marc:datafield>
   <marc:datafield ind1=" " ind2=" " tag="020">
      <marc:subfield code="a">3404607694</marc:subfield>
      <marc:subfield code="9">3404607694</marc:subfield>
   </marc:datafield>
   <marc:datafield ind1=" " ind2=" " tag="300">
      <marc:subfield code="a">255 S.</marc:subfield>
   </marc:datafield>
</marc:record>
